| 000 | 01075nam a2200217 a 4500 | ||
|---|---|---|---|
| 001 | 000680425 | ||
| 003 | AM-YeHGA | ||
| 005 | 20250617142155.0 | ||
| 008 | 090902s1980 ru |||||r|||||000|0|rus|d | ||
| 040 | _aAM-YeHGA | ||
| 041 | 0 | _arus | |
| 245 | 0 | 0 | _aАвтоматизированные диагностические системы выявления, лечения и профилактики ранних форм ишемической болезни сердца и сахарного диабета. |
| 260 |
_aГорький : _bГМИ, _c1980. |
||
| 300 |
_a114 с. : _bтабл. ; _c21 см. |
||
| 650 | 1 | 4 |
_aИшемическая болезнь сердца _xДиагноз |
| 650 | 1 | 4 |
_aДиабет сахарный _xДиагноз |
| 650 | 1 | 4 | _aАвтоматизированная обработка информации |
| 700 | 1 |
_aКамышева, Евгения Павловна _eред. _4edt |
|
| 710 | 2 | _aГорьковский государственный медицинский институт им. С.М. Кирова | |
| 090 | _c254118 | ||
| 999 |
_c252520 _d252520 |
||